[Event "GER-chT Seniors 12th"]
[Site "Finsterbergen"]
[Date "2003.08.10"]
[Round "1.4"]
[White "Tischner, Manfred"]
[Black "Bauer, Wolfgang"]
[Result "0-1"]
[WhiteElo "1858"]
[BlackElo "1954"]
[PlyCount "38"]
[EventDate "2003.08.10"]
[EventType "team"]
[EventRounds "7"]
[EventCountry "GER"]
[SourceTitle "EXT 2012"]
[Source "ChessBase"]
[SourceDate "2011.11.24"]
[SourceVersion "1"]
[SourceVersionDate "2011.11.24"]
[SourceQuality "1"]
[WhiteTeam "Thueringen III"]
[BlackTeam "Bremen"]
[WhiteTeamCountry "GER"]
[BlackTeamCountry "GER"]

1. e4 b6 2. d4 Bb7 3. Nc3 e6 4. Nf3 Bb4 5. Bd3 Nf6 6. Bg5 h6 7. Bxf6 Qxf6 8. a3 Bxc3+ 9. bxc3 c5 10. 0-0 0-0 11. Rb1 c4 12. e5 Bxf3 13. Bxc4 Bxd1 14. exf6 d5 15. Rbxd1 dxc4 16. Rfe1 gxf6 17. Re4 Rd8 18. Rb1 Nc6 19. f4 Rd5 0-1

[Event "GER-chT Seniors 11th"]
[Site "Bad Segeberg"]
[Date "2002.08.12"]
[Round "7.4"]
[White "Podolnyy, Jakiv"]
[Black "Tischner, Manfred"]
[Result "1-0"]
[WhiteElo "1815"]
[BlackElo "1853"]
[PlyCount "105"]
[EventDate "2002.08.06"]
[EventType "team"]
[EventRounds "7"]
[EventCountry "GER"]
[SourceTitle "EXT 2003"]
[Source "ChessBase"]
[SourceDate "2002.11.25"]
[SourceVersion "1"]
[SourceVersionDate "2002.11.25"]
[SourceQuality "1"]
[WhiteTeam "Sachsen II"]
[BlackTeam "Thueringen II"]
[WhiteTeamCountry "GER"]
[BlackTeamCountry "GER"]

1. e4 g6 2. d4 Bg7 3. f4 d6 4. Nc3 Nd7 5. Nf3 b6 6. Bc4 e6 7. e5 d5 8. Bb5 Ne7 9. Be3 c6 10. Be2 a5 11. 0-0 0-0 12. a4 Ba6 13. g4 Bxe2 14. Nxe2 Qc7 15. Ng3 f5 16. Ng5 c5 17. Nxe6 Qc6 18. Nxf8 Rxf8 19. c3 c4 20. h3 Rf7 21. Rf2 Nf8 22. gxf5 Nxf5 23. Nxf5 Rxf5 24. Qg4 Ne6 25. Rg2 Qd7 26. h4 Kh8 27. Rh2 Bh6 28. Rf1 Qf7 29. Rhf2 Ng7 30. Bd2 Qe8 31. Qd1 Rh5 32. Rh2 Nf5 33. Qf3 Qd8 34. Be1 Bf8 35. Kg2 Be7 36. Rfh1 Qd7 37. Bf2 Bd8 38. e6 Qxe6 39. Re1 Qf7 40. Re5 Nd6 41. Rxh5 gxh5 42. Kh1 Qf5 43. Rg2 Ne4 44. Rg1 Bc7 45. Be3 Bd8 46. Qg2 Qf7 47. Qh3 Nf6 48. Qf5 Qe8 49. Qe5 Qxa4 50. f5 Qc2 51. Bg5 Qe4+ 52. Rg2 Qb1+ 53. Kh2 1-0

[Event "GER-chT Seniors 11th"]
[Site "Bad Segeberg"]
[Date "2002.08.08"]
[Round "3.4"]
[White "Tischner, Manfred"]
[Black "Kleinwaechter, Matthias"]
[Result "0-1"]
[WhiteElo "1853"]
[BlackElo "1922"]
[PlyCount "64"]
[EventDate "2002.08.06"]
[EventType "team"]
[EventRounds "7"]
[EventCountry "GER"]
[SourceTitle "EXT 2003"]
[Source "ChessBase"]
[SourceDate "2002.11.25"]
[SourceVersion "1"]
[SourceVersionDate "2002.11.25"]
[SourceQuality "1"]
[WhiteTeam "Thueringen II"]
[BlackTeam "Rheinland Pfalz II"]
[WhiteTeamCountry "GER"]
[BlackTeamCountry "GER"]

1. e4 c5 2. Nf3 e6 3. Nc3 Nc6 4. Be2 Nf6 5. d3 Be7 6. 0-0 0-0 7. Ne1 d5 8. f4 dxe4 9. dxe4 Qd4+ 10. Kh1 Nxe4 11. Nxe4 Qxe4 12. Bd3 Qd5 13. c4 Qd6 14. Bd2 Bd7 15. Bc3 Nd4 16. Qh5 g6 17. Qh6 Rfd8 18. Nf3 Bf8 19. Qh4 Bg7 20. Rad1 Bc6 21. Ng5 h6 22. Ne4 Bxe4 23. Bxe4 Rd7 24. g4 Rad8 25. f5 exf5 26. gxf5 gxf5 27. Bxd4 cxd4 28. Rxf5 Qe7 29. Qg4 Re8 30. Bd5 Qe2 31. Qg1 Rxd5 32. Rxd5 Qf3+ 0-1

[Event "GER-chT Seniors 09th"]
[Site "Halle"]
[Date "2000.08.25"]
[Round "6.4"]
[White "Tischner, Manfred"]
[Black "Rost, Wolfgang"]
[Result "0-1"]
[WhiteElo "1863"]
[BlackElo "1833"]
[PlyCount "66"]
[EventDate "2000.08.20"]
[EventType "team"]
[EventRounds "7"]
[EventCountry "GER"]
[SourceTitle "EXT 2002"]
[Source "ChessBase"]
[SourceDate "2001.11.25"]
[SourceVersion "1"]
[SourceVersionDate "2001.11.25"]
[SourceQuality "1"]

1. e4 d5 2. exd5 Qxd5 3. Nc3 Qa5 4. d4 c6 5. Bd3 Nf6 6. Nge2 Bg4 7. f3 Bh5 8. 0-0 Nbd7 9. Bf4 0-0-0 10. a3 e5 11. b4 Qb6 12. Na4 Qc7 13. dxe5 Nd5 14. Bg3 Bg6 15. Bxg6 hxg6 16. Qd4 Rh5 17. c4 N5b6 18. Nxb6+ axb6 19. Qg4 Rxe5 20. Bxe5 Qxe5 21. Rfe1 Qe3+ 22. Kh1 Bd6 23. Ng3 Qh6 24. Nf1 f5 25. Qd4 Nc5 26. bxc5 Bxh2 27. Nxh2 Rxd4 28. cxb6 Rd8 29. Kg1 Qh4 30. Rac1 Rh8 31. Nf1 Qd4+ 32. Ne3 f4 33. Rcd1 Qxb6 0-1

[Event "GER-chT Seniors 09th"]
[Site "Halle"]
[Date "2000.08.22"]
[Round "3.4"]
[White "Tischner, Manfred"]
[Black "Stavenhagen, Johannes"]
[Result "1/2-1/2"]
[WhiteElo "1863"]
[BlackElo "1933"]
[PlyCount "80"]
[EventDate "2000.08.20"]
[EventType "team"]
[EventRounds "7"]
[EventCountry "GER"]
[SourceTitle "EXT 2002"]
[Source "ChessBase"]
[SourceDate "2001.11.25"]
[SourceVersion "1"]
[SourceVersionDate "2001.11.25"]
[SourceQuality "1"]

1. e4 d5 2. exd5 Qxd5 3. Nc3 Qa5 4. d4 Nf6 5. Bd2 c6 6. Bc4 Qc7 7. Nge2 e6 8. Bf4 Bd6 9. Qd2 Nbd7 10. 0-0 Nb6 11. Bd3 Bxf4 12. Nxf4 0-0 13. Rfe1 Rd8 14. Rad1 Nbd5 15. Nfxd5 exd5 16. Qg5 Bg4 17. f3 Bh5 18. Ne2 Bg6 19. Bxg6 hxg6 20. c3 Re8 21. Nc1 Rxe1+ 22. Rxe1 Re8 23. Rxe8+ Nxe8 24. Qe3 Kf8 25. Nd3 Nf6 26. Ne5 Kg8 27. g4 Qe7 28. Qf4 a6 29. Kf2 Qe6 30. Nd3 Qc8 31. h4 Nd7 32. Qd6 a5 33. a4 Kh7 34. Qe7 Kg8 35. g5 b6 36. f4 c5 37. dxc5 bxc5 38. Kg3 c4 39. Ne5 Nxe5 40. Qxe5 Qb7 1/2-1/2

[Event "GER-chT Seniors 09th"]
[Site "Halle"]
[Date "2000.08.21"]
[Round "2.4"]
[White "Tischner, Manfred"]
[Black "Kauder, Hartmut"]
[Result "0-1"]
[WhiteElo "1863"]
[BlackElo "2183"]
[PlyCount "92"]
[EventDate "2000.08.20"]
[EventType "team"]
[EventRounds "7"]
[EventCountry "GER"]
[SourceTitle "EXT 2002"]
[Source "ChessBase"]
[SourceDate "2001.11.25"]
[SourceVersion "1"]
[SourceVersionDate "2001.11.25"]
[SourceQuality "1"]

1. e4 c5 2. c4 Nc6 3. Nc3 g6 4. g3 Bg7 5. Bg2 e6 6. Nge2 Nge7 7. 0-0 0-0 8. d3 d6 9. Rb1 Rb8 10. a3 Nd4 11. b4 b6 12. Bb2 Bd7 13. Nxd4 cxd4 14. Nb5 Bxb5 15. cxb5 Qd7 16. a4 d5 17. Qb3 dxe4 18. Bxe4 Rfc8 19. Rfc1 Bh6 20. Rc4 e5 21. Bc1 Bf8 22. Bg5 Rxc4 23. dxc4 Qg4 24. Bxe7 Qxe4 25. Bxf8 Kxf8 26. c5 Rc8 27. c6 Ke7 28. Rd1 Rc7 29. Qd3 Qxd3 30. Rxd3 Kd6 31. Rd1 Kd5 32. Rc1 e4 33. Kf1 d3 34. Ke1 f5 35. Kd2 Kd4 36. h4 h6 37. Rc3 g5 38. hxg5 hxg5 39. Rc1 f4 40. gxf4 gxf4 41. Rh1 e3+ 42. fxe3+ fxe3+ 43. Ke1 Kc3 44. Kd1 e2+ 45. Ke1 Re7 46. Rh3 Kc2 0-1

[Event "GER-chT Seniors 09th"]
[Site "Halle"]
[Date "2000.08.20"]
[Round "1.4"]
[White "Hoffmann, Hans"]
[Black "Tischner, Manfred"]
[Result "0-1"]
[WhiteElo "2145"]
[BlackElo "1863"]
[PlyCount "82"]
[EventDate "2000.08.20"]
[EventType "team"]
[EventRounds "7"]
[EventCountry "GER"]
[SourceTitle "EXT 2002"]
[Source "ChessBase"]
[SourceDate "2001.11.25"]
[SourceVersion "1"]
[SourceVersionDate "2001.11.25"]
[SourceQuality "1"]

1. e4 e5 2. Nf3 Nc6 3. Bb5 a6 4. Ba4 b5 5. Bb3 d6 6. c3 Be7 7. 0-0 Nf6 8. Re1 0-0 9. h3 Na5 10. Bc2 c5 11. d4 cxd4 12. cxd4 Nc6 13. Nc3 Bb7 14. Be3 Rc8 15. a4 b4 16. Nd5 a5 17. dxe5 Nxd5 18. exd5 Nxe5 19. Bf5 Nxf3+ 20. Qxf3 Ra8 21. Rad1 Bf6 22. Bd4 Bxd4 23. Rxd4 g6 24. Bd3 Rc8 25. Bb5 Rc2 26. b3 Qb6 27. Qd1 Bxd5 28. Re3 Rc1 29. Qxc1 Qxd4 30. Rd3 Qe4 31. f3 Qe5 32. Qd2 Be6 33. f4 Qc5+ 34. Kh2 Rd8 35. Qb2 Rc8 36. Qf6 Qf5 37. Qxf5 gxf5 38. Rxd6 Bxb3 39. Ra6 Bd5 40. Rxa5 Be4 41. Kg1 b3 0-1